Oeuvres completes d'Agustin Cauchy

Պահպանված է:
Մատենագիտական մանրամասներ
Հիմնական հեղինակ: Cauchy, Agustin Louis (Հեղինակ)
Ձևաչափ: Գիրք
Լեզու:ֆրանսերեն
Հրապարակվել է: París Gauthier-Villars 1905
Խորագրեր:
Ցուցիչներ: Ավելացրեք ցուցիչ
Չկան պիտակներ, Եղեք առաջինը, ով նշում է այս գրառումը!

MARC

LEADER 00000nam a2200000 a 4500
001 UCP3376
003 CL-VaPUC
008 990618e19050000FR |||||||||||||||||fre|d
082 0 4 |a 510  |b CAU  |2 21 
100 0 |a Cauchy, Agustin Louis  |e author  |9 430608 
245 1 0 |a Oeuvres completes d'Agustin Cauchy 
300 |a v 
942 |c BK 
945 |d 19990618 00:00:00  |a crobeson 
260 |a París  |b Gauthier-Villars  |c 1905 
650 0 |a Matemática  |9 260235 
650 0 |a Análisis matemático   |9 260146 
650 0 |a Geometría   |9 264063 
650 0 |a Teoría de números  |9 265327 
650 0 |a Integrales   |9 260233 
650 0 |a Ecuaciones integrales   |9 270067 
650 0 |a Cálculo integral  |9 260103 
650 0 |a Ecuaciones diferenciales  |9 260083 
650 0 |a Ecuaciones diferenciales parciales   |9 269889 
650 7 |a MECANICA CELESTE  |2 CL-VaPUC  |9 269941 
650 0 |a Física matemática   |9 260981 
650 0 |a Astronomía  |9 260985 
650 0 |a Geometría analítica   |9 260062 
650 0 |a Funciones   |9 263869 
650 0 |a Series numéricas  |9 423265 
583 |a last modification  |c 19990618 00:00:00  |k Rodrigo Vera 
999 |c 281706  |d 281704